Największe dworce kolejowe w Polsce - Statystyki

Ogólne statystyki
  • Ten quiz został rozwiązany 198 razy
  • Średni wynik to 7 z 10
Statystyki odpowiedzi
Pasażerowie Nazwa Dworca % Poprawnych
15 500 000 Warszawa Centralna
95%
21 100 000 Poznań Główny
91%
15 000 000 Kraków Główny
89%
21 200 000 Wrocław Główny
88%
14 700 000 Warszawa Zachodnia
87%
17 200 000 Warszawa Wschodnia
85%
13 200 000 Katowice
76%
14 900 000 Gdynia Główna
69%
8 200 000 Warszawa Wileńska
8%
17 500 000 Warszawa Śrómieście
4%
Nie znaleziono quizów pasujących do podanych kryteriów
Rozkład punktacji
Procent ludzi z każdym wynikiem
Percentyl według liczby udzielonych odpowiedzi
Twoja historia wyników
Nie rozwiązałeś tego quizu